000 00728nam a2200289Ia 4500
005 20260324135134.0
008 008 260324s9999 xx 000 0 eng d
020 _a9780203048238
037 _aEBOOK
040 _aCRL
040 _beng
040 _cCRL
041 _2eng
041 _aeng
084 _qCRL
100 _aMaria Vidal De Haymes; Elizabeth Segal; Keith Kilty
_91199484
245 0 _aLatino Poverty in the New Century
245 0 _bInequalities, Challenges, and Barriers
260 _bTaylor and Francis
260 _c2000
365 _a
365 _b205
856 _uhttp://www.taylorfrancis.com/books/9780203048238
942 _cEBOOK
999 _c1800250
_d1800250